000
00312nam a22001337a 4500
008
180928b xxu||||| |||| 00| 0 eng d
020
_a
9780073268927
041
_a
eng
080
_a
330
100
_a
61
101
_a
KON
245
_a
Accounting for Government & Nonprofit Entities
_c
Wilson
942
_2
udc
_c
BK
999
_c
48670
_d
48670